000 00928nam a2200229Ia 4500
001 21598
005 20260420115914.0
008 260320s9999||||xx |||||||||||||| ||und||
041 _aESP
082 _a657
_bA71
100 _aArgaluza Fano, Agustín,
_eAUT
245 0 _aContabilidad general
250 _aSéptima edición
260 _aSantiago de Chile,
_bUniversitaria,
_c[Fecha de publicación no identificada]
300 _a134 páginas :
_bcuadros ;
_c21 cm.
650 _aTCA
653 _aContabilidad
654 _aCCO
856 _uhttps://0u213x75y-y-https-ebooks7--24-com.itmsp.museknowledge.com/visorBook.aspx?i=9533&t=06B71891-5E02-4B78-939D-914A02F7A73E
_zVéase además: Contabilidad básica, por Roberto Celaya Figueroa. Versión digital
856 _uhttps://itmsp.museknowledge.com/UCSP?groupID=2&action=source&sourceID=eBooks724
_zVéase además: Base de datos Ebook7-24
942 _cLIB
_dJUS
_fTRC
_2ddc
999 _c21598
_d21598